By the Numbers #18 - Statistics

General Stats
  • This quiz has been taken 77 times
  • The average score is 12 of 20
Answer Stats
Hint Answer % Correct
Number of wheels on a tricycle 3
92%
Number of items in a pair 2
88%
25% of 200 50
88%
The largest number not containing an “n” in its English name 88
84%
MCCXV 1215
82%
2450 ÷ 2 1225
80%
The second version of Microsoft Windows to reference the year of its release in its name 98
78%
Face value of an “I” tile in Scrabble 1
76%
The last four digits of Jenny’s phone number in the title of Tommy Tutone’s 1981 single 5309
68%
Number of swans a-swimming in a single verse of “The Twelve Days of Christmas” 7
68%
A = {72, 6777, 5319}, B = {5319, 2, 64}, find A ∩ B 5319
66%
Number on the yellow-striped pool ball in a traditional set 9
58%
Number of minutes in a full NBA game 48
54%
The sum of the squares of the first three prime numbers 38
50%
The minimum wind speed (mph) needed to issue a Severe Thunderstorm Warning 58
44%
Atomic number of the element neon 10
42%
Title of a song released on boy band One Direction’s album Four in 2014 18
36%
Number of players on the active roster of a Major League Baseball team 28
34%
Number of pressure points in the body according to Marma Adi and Ayurveda 108
28%
Number of fingers of Dr. T. in the title of the 1953 fantasy film written by Dr. Seuss and starring Peter Lind Hayes and Mary Healy 5000
18%
No matching quizzes found
Score Distribution
Percent of People with Each Score
Percentile by Number Answered
Your Score History
You have not taken this quiz